01088nam a2200241 a 450000100100000000500170001000800410002702000150006804000250008308200150010810000350012324501980015826000720035630000280042849000340045650000740049050400310056470000380059570000420063383000410067595201130071699900170082900004152820201002035626.0131009s2000 sp 000 0 spa d a840007906X aDO-SdBNPbspacBNPHU axxxbC198L1 aCampos Marín, Ricardo93873814aLos ilegales de la naturaleza :bmedicina y degeneracionismo en la Espanña de la Restauración, 1876-1923 /cRicardo Campos Marín, José Martínez Pérez, Rafael Huertas García-Alejo. aMadrid :bConsejo Superior de Investigaciones Científicas,c2000. axviii, 286 p. ;c22 cm.1 aEstudios sobre la cienciav26 aIncluye referencias bibliográficas y notas al pie de las páginas. aBibliografía: p. 261-28612aMartínez Pérez, José96825212aGarcía-Alejo, Rafael Huertas968253 0aEstudios sobre la ciencian26968254 001050718MOaGRbGRcCTd2013-10-09iLF1l0oxxx C198Lp41528-10r2020-06-25w2020-06-25y1ZNo se presta c41018d41018